000 00704nam a2200181 4500
005 20241127090802.0
008 241127b |||||||| |||| 00| 0 eng d
020 _a9786214183401
082 _aDFil 364.01 C111 2024
245 _aTheories of crime causation :
_ban instructional and learning guide /
_cNicholos S. Caballero, Liza Joy B. Barican and Jonalyn M. Suarnaba.
260 _aQuezon City, Philippines :
_bWiseman's Book Trading, Inc.,
_c©2024.
300 _avi, 237 pages :
_billustrations ;
_c23 cm.
500 _aIncludes references.
650 0 _aCrime.
_964321
700 _aBarican, Liza Joy B.,
_eauthor.
_964322
700 _aSuarnaba, Jonalyn M.,
_eauthor.
_964323
942 _2ddc
_cDFIL
999 _c23238
_d23238